000 00453nam a22001577a 4500
003 OSt
005 20221110194417.0
008 221006b |||||||| |||| 00| 0 eng d
040 _cBiblioteca Lado V
082 _a750
_bS979u
100 _eeditor
_9377
_aSwitzerland, Basel
245 _aUBS Art Award 2000/
_bA Tribute to the painting of tomorrow/
260 _c2001
300 _c21x28cm
_a75p.
942 _2ddc
_c1
_h750
_iS979u
_n0
999 _c2582
_d2582